000 00749nam a2200241 i 4500
001 45648
003 ES-MaACL
005 20250818131133.0
007 t|
008 030326s1968 sp f ||||1|dspa d
080 _a929 Doignet, J.R.
080 _a929 Napoleon(44)I
080 _a944"1805/15"
100 1 _aCoignet, J. R.
_939531
245 1 0 _aVeinte años de gloria con el emperador /
_c[J. R. Coignet].
260 _a[Madrid :
_bCírculo de Amigos de la Historia,
_c1968] (
_eBarcelona :
_fPrinter)
300 _a251 p., 12 lám., 1 lám. pleg. ;
_c18 cm.
600 0 4 _aNapoleón
_bI
_c, Emperador de Francia.
_984910
650 4 _a
_9241177
700 2 _a
_9241841
852 _aES-MaACL
_jC-35396
999 _c45648
_d45648